研究開発課題のプロジェクト化についての研究 : 社会開発関連科学技術のプロジェクト・マネジメントについての研究
Uloženo v:
| Korporativní autor: | |
|---|---|
| Médium: | Kniha |
| Jazyk: | Undetermined |
| Vydáno: |
[東京]
政策科学研究所
1972
|
| Témata: | |
| Tagy: |
Přidat tag
Žádné tagy, Buďte první, kdo otaguje tento záznam!
|
| Thư viện lưu trữ: | Trung tâm Học liệu Trường Đại học Cần Thơ |
|---|
| LEADER | 00659nam a2200193Ia 4500 | ||
|---|---|---|---|
| 001 | CTU_88522 | ||
| 008 | 210402s9999 xx 000 0 und d | ||
| 082 | |a 303.44 | ||
| 082 | |b S462 | ||
| 110 | |a 政策科学研究所 | ||
| 245 | 0 | |a 研究開発課題のプロジェクト化についての研究 : | |
| 245 | 0 | |b 社会開発関連科学技術のプロジェクト・マネジメントについての研究 | |
| 245 | 0 | |c 政策科学研究所 | |
| 260 | |a [東京] | ||
| 260 | |b 政策科学研究所 | ||
| 260 | |c 1972 | ||
| 650 | |a Developing Countries | ||
| 904 | |i Ngoc,Hải | ||
| 980 | |a Trung tâm Học liệu Trường Đại học Cần Thơ | ||